Country Shapes Hidden in the Sky - Statistics

General Stats
  • This quiz has been taken 773 times
  • The average score is 8 of 10
Answers on the Map
Answers color-coded by a green-red scale on the quiz's map according to % correct below.
 
Answer Stats
Country % Correct
China
100%
Chile
97%
Japan
97%
Turkey
92%
Iceland
86%
Tunisia
85%
Cuba
81%
Madagascar
79%
Gabon
70%
Uruguay
56%
No matching quizzes found
Score Distribution
Percent of People with Each Score
Percentile by Number Answered
Your Score History
You have not taken this quiz